000 01242nam a2200253Ia 4500
008 0000002004 usad 0000000000eng00
090 _aPUS00 F46f
245 1 0 _aFlorence Putterman
_b: salient parables, recent paintings
300 _a32 p.
_c/ 23 cm.
500 _aExposición realizada en Walter Wickiser Gallery, New York, septiembre 1 a 28 de 2008 \ Incluye cronología del artista \ Registro auspiciado por la FGAA. Bogotá
501 _aFlorence Putterman : imperishable visions / David Cleveland
505 _aOBRAS : Salient parables VI Circus spirits Ridding legends Salient parables V Numinous legends XII Passion flower Salient parables I Night and day Metaphoric fables Allegoric legends XII Blue ladies and elephants Garden of eden series
600 0 0 _aPUTTERMAN, FLORENCE/
_xTRABAJOS PICTORICOS
650 1 4 _aARTE CONTEMPORANEO ESTADOUNIDENSE
650 1 4 _aARTISTAS PLASTICOS ESTADOUNIDENSES
650 1 4 _xCATALOGOS
650 1 4 _xEXPOSICIONES
650 1 4 _aPINTORES ESTADOUNIDENSES
650 1 4 _aPINTURA ACRILICA (ARTE)
650 1 4 _aPINTURA ACRILICA (ARTE)
650 1 4 _aPINTURA ESTADOUNIDENSE
700 1 _aCleveland, David
999 _c10956
_d10956
260 _aNew York : Walter Wickiser Gallery
_c2004